• 首页
  • 本馆介绍
  • 公告通知
  • 最新文献
  • 馆藏检索
  • 电子资源
  • 读者导购
  • 参考咨询
  • 我的图书馆
  • 登录
  • 详细信息显示
  • 放入我的书架
  • 预约/预借图书
  • 作者相关作品
  • 分类相关作品
  • 丛书相关作品
  • 出版社相关作品

书目信息

  • 表格格式
  • 工作单格式
  • 卡片格式
题名:
伦理变迁与道德教育
    
 
作者: 曾盛聪 著
分册:  
出版信息: 广州   广东人民出版社  2006
页数: 262页
开本: 23cm
丛书名: 中山大学思想道德教育理论博士文库
单 册:
中图分类: D648 , B82-092
科图分类:
主题词: 品德教育--研究--中国 , 伦理学 , 品德教育 , 伦理学--研究--中国 , 伦理学
电子资源:
ISBN: 7-218-05206-1
000 01042oam2 2200313 450
001 0957336082
005 20090929155656.89
010    @a7-218-05206-1@dCNY34.00
100    @a20060621d2006 kemy0chiy50 ea
101 0  @achi
102    @aCN@b440000
105    @ay z 000yy
106    @ar
200 1  @a伦理变迁与道德教育@e市场化、全球化、网络化际遇中的现代性追寻@f曾盛聪著@Alun li bian qian yu dao de jiao yu
210    @a广州@c广东人民出版社@d2006
215    @a262页@d23cm
225 2  @a中山大学思想道德教育理论博士文库
330    @a本书试图将研究的“问题意识”置于中国现代化进程中的伦理变迁与道德教育上,以探究中国现代化的特殊际遇与现代人的生存方式。
461  0 @1001002949752
606 0  @a品德教育@x研究@y中国
606 0  @a伦理学
606 0  @a品德教育
606 0  @a伦理学@x研究@y中国
606 0  @a伦理学
690    @aD648@v4
690    @aB82-092@v4
701  0 @a曾盛聪@f(1973.10~)@4著@Azeng cheng cong
801  0 @aCN@b大连网信软件有限公司图书馆·11@c20090929
905    @a10447@dB82-092@eJY127
    
    伦理变迁与道德教育:市场化、全球化、网络化际遇中的现代性追寻/曾盛聪著.-广州:广东人民出版社,2006
    262页;23cm .-(中山大学思想道德教育理论博士文库 )
    
    
    ISBN 7-218-05206-1:CNY34.00
    本书试图将研究的“问题意识”置于中国现代化进程中的伦理变迁与道德教育上,以探究中国现代化的特殊际遇与现代人的生存方式。
●
相关链接 在E读中查询图书 在五车中查询图书 在当当中查询图书 在豆瓣中查询图书


正题名:伦理变迁与道德教育     索取号:B82-092/JY127         预约/预借

序号 登录号 条形码 馆藏地/架位号 状态 备注
1 7820000   278200000   学院路分馆/ [索取号:B82-092/JY127] 在馆    
2 7820001   278200019   学院路分馆/ [索取号:B82-092/JY127] 在馆    
唐山师范学院图书馆 欢迎您!
大连网信软件有限公司© 版权所有